000 00360pam a2200157a 44500
008 230515b1995 xxu||||| |||| 00| 0 eng d
020 _aNULL
041 _aENGLISH
082 _aN.D.
100 _aSmith D. L. / Case L.T.
245 _aManaging Local Area Networks
250 _a0
260 _aNULL
_bMcgraw Hill
_c1995
300 _a606
650 _aNULL
999 _c577159
_d577159